Photoluminescence Characteristics of Yag:Ce, Gd Based Phosphors with Different Prehistories; Russian Physics Journal; Vol. 60, iss. 5
| Parent link: | Russian Physics Journal Vol. 60, iss. 5.— 2017.— [P. 862–869] |
|---|---|
| Müşterek Yazar: | |
| Diğer Yazarlar: | , , , , , , |
| Özet: | Title screen Luminescence characteristics of yttrium-aluminum garnet based phosphor samples differed by their elemental composition and prehistory of synthesis are studied. The morphology, structure, and elemental composition of phosphor samples, their excitation and emission spectra, efficiency of phosphor conversion of chip emission, and kinetics of luminescence decay are measured. The emission characteristics of phosphors are compared with their structural properties and elemental composition. Режим доступа: по договору с организацией-держателем ресурса |
| Dil: | İngilizce |
| Baskı/Yayın Bilgisi: |
2017
|
| Konular: | |
| Online Erişim: | https://doi.org/10.1007/s11182-017-1150-3 |
| Materyal Türü: | Elektronik Kitap Bölümü |
| KOHA link: | https://koha.lib.tpu.ru/cgi-bin/koha/opac-detail.pl?biblionumber=656718 |
MARC
| LEADER | 00000naa0a2200000 4500 | ||
|---|---|---|---|
| 001 | 656718 | ||
| 005 | 20250404162336.0 | ||
| 035 | |a (RuTPU)RU\TPU\network\23184 | ||
| 090 | |a 656718 | ||
| 100 | |a 20171208d2017 k||y0rusy50 ba | ||
| 101 | 0 | |a eng | |
| 102 | |a US | ||
| 135 | |a drcn ---uucaa | ||
| 181 | 0 | |a i | |
| 182 | 0 | |a b | |
| 200 | 1 | |a Photoluminescence Characteristics of Yag:Ce, Gd Based Phosphors with Different Prehistories |f V. M. Lisitsyn [et al.] | |
| 203 | |a Text |c electronic | ||
| 300 | |a Title screen | ||
| 320 | |a [References: p. 868-869 (21 tit.)] | ||
| 330 | |a Luminescence characteristics of yttrium-aluminum garnet based phosphor samples differed by their elemental composition and prehistory of synthesis are studied. The morphology, structure, and elemental composition of phosphor samples, their excitation and emission spectra, efficiency of phosphor conversion of chip emission, and kinetics of luminescence decay are measured. The emission characteristics of phosphors are compared with their structural properties and elemental composition. | ||
| 333 | |a Режим доступа: по договору с организацией-держателем ресурса | ||
| 461 | |t Russian Physics Journal | ||
| 463 | |t Vol. 60, iss. 5 |v [P. 862–869] |d 2017 | ||
| 610 | 1 | |a электронный ресурс | |
| 610 | 1 | |a труды учёных ТПУ | |
| 610 | 1 | |a yttrium aluminum garnet | |
| 610 | 1 | |a structure | |
| 610 | 1 | |a elemental composition | |
| 610 | 1 | |a luminescence | |
| 610 | 1 | |a kinetics | |
| 610 | 1 | |a spectra | |
| 610 | 1 | |a efficiency | |
| 610 | 1 | |a алюмоиттриевые гранаты | |
| 610 | 1 | |a структура | |
| 610 | 1 | |a элементный состав | |
| 610 | 1 | |a люминесценция | |
| 610 | 1 | |a кинетика | |
| 610 | 1 | |a спектры | |
| 610 | 1 | |a эффективность | |
| 701 | 1 | |a Lisitsyn |b V. M. |c physicist |c Russian physicist |c Professor of Tomsk Polytechnic University, Candidate of physical and mathematical sciences |f 1939- |g Viktor Mikhailovich |3 (RuTPU)RU\TPU\pers\28330 |9 13239 | |
| 701 | 1 | |a Soshchin |b N. P. |g Naum Petrovich | |
| 701 | 1 | |a Yangyang |b Yu. | |
| 701 | 1 | |a Stepanov |b S. A. |c specialist in the field of lightning engineering |c Engineer of Tomsk Polytechnic University |f 1986- |g Sergey Aleksandrovich |3 (RuTPU)RU\TPU\pers\33771 |9 17369 | |
| 701 | 1 | |a Lisitsyna |b L. A. |g Lyudmila Aleksandrovna | |
| 701 | 1 | |a Tulegenova |b A. T. |g Aida Tulegenkyzy | |
| 701 | 1 | |a Abdullin |b Kh. A. |g Khabibulla Abdullaevich | |
| 712 | 0 | 2 | |a Национальный исследовательский Томский политехнический университет (ТПУ) |b Институт физики высоких технологий (ИФВТ) |b Кафедра лазерной и световой техники (ЛиСТ) |3 (RuTPU)RU\TPU\col\18690 |
| 801 | 2 | |a RU |b 63413507 |c 20171220 |g RCR | |
| 856 | 4 | |u https://doi.org/10.1007/s11182-017-1150-3 | |
| 942 | |c CF | ||